|
|
|
|
| LEADER |
00000nam0a2200000 4500 |
| 001 |
208755 |
| 005 |
20231101225502.0 |
| 010 |
|
|
|a 1840465417
|
| 035 |
|
|
|a (RuTPU)RU\TPU\book\227991
|
| 090 |
|
|
|a 208755
|
| 100 |
|
|
|a 20120206d2004 km y0engy50 ba
|
| 101 |
0 |
|
|a eng
|
| 102 |
|
|
|a GB
|
| 105 |
|
|
|a a z 001zy
|
| 200 |
1 |
|
|a Constant touch a global history of the mobile phone
|f J. Agar
|
| 210 |
|
|
|a Cambridge
|c Revolutions in Science
|d 2004
|
| 215 |
|
|
|a 180 p.
|c il.
|
| 320 |
|
|
|a Bibliography: p. 178-180.
|
| 606 |
1 |
|
|a Мобильная связь
|2 stltpush
|3 (RuTPU)RU\TPU\subj\58935
|9 76617
|
| 610 |
1 |
|
|a мобильные телефоны
|
| 610 |
1 |
|
|a страны
|
| 610 |
1 |
|
|a конкуренция
|
| 610 |
1 |
|
|a здоровье
|
| 610 |
1 |
|
|a английский язык
|
| 675 |
|
|
|a 621.396.21
|v 3
|
| 700 |
|
1 |
|a Agar
|b J.
|g Jon
|
| 801 |
|
1 |
|a RU
|b 63413507
|c 20120206
|
| 801 |
|
2 |
|a RU
|b 63413507
|c 20120411
|g RCR
|
| 942 |
|
|
|c BK
|